Busiest Airports in Spain - Statistics

General Stats
  • This quiz has been taken 145 times
  • The average score is 22 of 30
Answer Stats
# Airport % Correct
61.7 m Madrid Barajas
99%
52.7 m Barcelona El Prat
98%
7.54 m Seville
94%
8.54 m Valencia
94%
5.91 m Bilbao
93%
29.7 m Palma de Mallorca
93%
19.9 m Málaga Costa del Sol
91%
8.16 m Ibiza
88%
468 k Zaragoza
88%
15.0 m Alicante / Elche
84%
13.3 m Gran Canaria
84%
5.84 m Tenerife North
83%
11.2 m Tenerife South
83%
3.50 m Menorca
78%
1.25 m Granada / Jaén
73%
1.93 m Girona
72%
1.01 m Vigo
70%
1.09 m Murcia Corvera
67%
1.35 m A Coruña
65%
7.29 m Lanzarote
64%
320 k San Sebastián
64%
979 k Almería
59%
5.64 m Fuerteventura
58%
2.90 m Santiago de Compostela
58%
1.17 m Santander
57%
1.12 m Jerez de la Frontera
54%
1.05 m Reus
47%
1.42 m Asturias
44%
1.48 m La Palma
44%
435 k Melilla
39%
No matching quizzes found
Score Distribution
Percent of People with Each Score
Percentile by Number Answered
Your Score History
You have not taken this quiz